000 00914cab a2200277 4500
001 WB3309-68
008 090401t1997 xxu||||| |||| 00| 0 eng d
035 _a(Sirsi) u60097
041 _aeng
245 _aWest Country investment initiative
260 _c1997
350 _a0
490 _aWestern Morning News
_v20 February 1997, 14-15(2)
520 _aFeatures English Partnership`s "Factories First" initiative aimed at developing industrial sites in the West Country where the lack of appropriate sites is discouraging large firms from relocating to the region.
650 _aCORNWALL
650 _aDEVON
650 _aENGLISH PARTNERSHIPS
650 _aFACTORIES FIRST INITIATIVE
650 _aINDUSTRIAL BUILDING LAND
650 _aINDUSTRIAL DEVELOPMENT
650 _aOVERSEAS INVESTMENT
650 _aWEST OF ENGLAND
690 _aURBAN RENEWAL
942 _n0
948 _c04/03/1997
999 _c37016
_d37016